000 01362cam a22002054a 4500
005 20250605164329.0
008 250528s ||||||||||||||||||||||||d
035 _a23163
020 _a9780415395625
040 _aGR-AtMCL
_bgre
_dGR-AtMCL
_eAACR2
245 1 _aDeconstructing Developmental Psychology
250 _a2nd
260 _bRoutledge - Taylor & Francis Group,
_c2008
300 _a360
520 _aThis book interrogates the assumptions and practices surrounding the psychology of child development, providing a critical evaluation of the role and contribution of developmental psychology within social practice. Preface, Acknowledgements, Constructing the Subject, Researching Infancy, Attributing Sociality, Discourses of the Child, Models and Mudles: Dilemmas of Childhood, Social Development and the Structure of Caring, Familiar Assumptions, Bonds of Love and Dilemmas of Attachments, Involving Fathers, Developing Communication, Language Talk, Discourses of Caregiving Talk, Language and Power in Developmental Research, Cognitive Development: The Making of Rationality, Piaget and Vygotsky and Developmental Psychology, Child - Centered Education: Shifts and Continuities, Morality and the Goals of Development, References, Author and Subject Index.
700 1 _aBurman Erica
_98097
942 _cBK
999 _c8193
_d8193